San Francisco Giants Season Home Run Leaders - Statistics

General Stats
  • This quiz has been taken 46 times
    24 since last reset
  • The average score is 62 of 129
Answer Stats
Year Player % Correct
1928 | 1929 | 1930 | +15 others Mel Ott
100%
1954 | 1955 | 1956 | +8 others Willie Mays
100%
1963 | 1967 | 1968 | +3 others Willie McCovey
100%
2012 | 2014 Buster Posey
83%
1993 | 1995 | 1996 | +10 others Barry Bonds
67%
1971 | 1973 | 1974 Bobby Bonds
67%
1978 | 1980 | 1981 | 1982 Jack Clark
67%
1961 Orlando Cepeda
67%
1987 | 1988 Will Clark
67%
1983 Darrell Evans
50%
1989 | 1990 Kevin Mitchell
50%
2024 Matt Chapman
50%
2016 | 2017 | 2021 Brandon Belt
33%
2015 Brandon Crawford
33%
1972 Dave Kingman
33%
1975 Gary Matthews
33%
1946 | 1947 | 1948 Johnny Mize
33%
1991 | 1992 | 1994 Matt Williams
33%
2009 | 2011 Pablo Sandoval
33%
1927 Rogers Hornsby
33%
2025 Willy Adames
33%
1985 Bob Brenly
17%
1976 Bobby Murcer
17%
1949 | 1950 | 1951 | +2 others Bobby Thomson
17%
Chili Davis
17%
2018 Evan Longoria
17%
1918 George Burns
17%
2022 Joc Pederson
17%
2019 Mike Yastrzemski
17%
2020 | 2023 Wilmer Flores
17%
2010 Aubrey Huff
0%
2008 Bengie Molina
0%
1919 Benny Kauff
0%
1905 Bill Dahlen
0%
1986 Candy Maldonado
0%
Cy Seymour
0%
1904 Dan McGann
0%
1916 | 1917 Dave Robertson
0%
Fred Merkle
0%
1907 George Browne
0%
1920 | 1921 | 1922 | +2 others George Kelly
0%
2013 Hunter Pence
0%
1923 | 1925 Irish Meusel
0%
1984 Jeffrey Leonard
0%
Kevin Pillar
0%
1910 | 1911 | 1913 | 1915 Larry Doyle
0%
1908 Mike Donlin
0%
1979 Mike Ivie
0%
2005 Pedro Feliz
0%
Ray Durham
0%
1909 Red Murray
0%
1903 Sam Mertes
0%
1906 Sammy Strang
0%
No matching quizzes found
Score Distribution
Percent of People with Each Score
Percentile by Number Answered
Your Score History
You have not taken this quiz since the last reset